000 00994nam a2200253 a 4500
999 _c10310
_d10310
001 10310
003 BD-JhCC
005 20190418134017.0
008 180423s2008 bg |||| b||| 00| 0 ben d
020 _a9847010300086
035 _a(BD-JhCC)10310
040 _aBD-JhCC
_dBD-JhCC
041 _aben
082 _a297
_bBIG 2008
245 _aবিজ্ঞান ও প্রযুক্তিতে দৃষ্টিভঙ্গি ও অনুশীলনের ইসলামায়ন /
_cএম এ কে লোদী, ; মোঃ খায়রুল আলম [অনু:]
260 _aঢাকা :
_bবাংলাদেশ ইনস্টিটিউট অব ইসলামিক থ্যট,
_c২০০৮.
300 _a142 P. :
_c22 cm.
504 _aIncluding Bibliographical Reference.
650 _aIslam
700 _aলোদী, এম এ কে
700 _aআলম, মোঃ খায়রুল
942 _2ddc
_cBK
_01